Η κυρία με τις καμέλιες
Saved in:
| Main Author: | |
|---|---|
| Other Authors: | |
| Format: | Book |
| Language: | Greek French |
| Published: |
Αθήνα :
DeAgostini,
2005.
|
| Series: | Ρομαντική λογοτεχνία
|
| Subjects: | |
| Tags: |
Add Tag
No Tags, Be the first to tag this record!
|
MARC
| LEADER | 00000cam a2200000 a 4500 | ||
|---|---|---|---|
| 001 | 1/114111 | ||
| 008 | 170525t2005####gr | ||| |||| ||gre|| | ||
| 020 | |a 960416256Χ | ||
| 040 | |a GR-MyUa |b gre |c GR-MyUa |e AACR2 | ||
| 041 | 1 | |a gre |h fre | |
| 082 | 7 | |a 843 |2 (23) | |
| 100 | 1 | |a Dumas, Alexandre, |d 1824-1895. | |
| 245 | 1 | 2 | |a Η κυρία με τις καμέλιες / |c Αλέξανδρος Δουμάς (υιός) ; μετάφραση Δέσποινα Αγγελίδου. |
| 260 | |a Αθήνα : |b DeAgostini, |c 2005. | ||
| 300 | |a 362 σ. ; |c 19 εκ. | ||
| 490 | 1 | |a (Ρομαντική λογοτεχνία) | |
| 500 | |a Τίτλος πρωτοτύπου: La dame aux camelias. | ||
| 650 | 0 | |a French fiction |y 19th century. | |
| 700 | 1 | |a Αγγελίδου, Δέσποινα, |e trlf | |
| 830 | 0 | |a Ρομαντική λογοτεχνία | |
| 852 | |a INST |b SAMOS |e 20170525 |h 843 DUM |p 005300044610 |q 005300044610 |t BK |y 0 | ||
| 970 | |a Γουβάλα |b Βάσω |z 25-05-2017 | ||